000 00942nam a2200241 a 4500
001 39140
003 BD-RjUL
005 20211209052927.0
008 160405b2005 b o|||e |||| 00| 0 en d
020 _a9840745034
_cTk.200.00
035 _a(BD-RjUL)39252
040 _aBD-RjUL
_bben
_cBD-RjUL
041 _aben
082 _223
_a305.895492
_bBIB 2005
100 _aবিশ্বাস,অশোক.
_9120763
245 _aবাংলাদেশের রাজবংশী :
_bসমাজ ও সংস্কৃতি /
_cঅশোক বিশ্বস
260 _aঢাকা:
_bবাংলা একাডেমী,
_c২০০৫
300 _a[১৪], ২৮৭ পৃ.
_bচিত্র
_c২২ সেমি.
504 _aগ্রন্থপঞ্জি সংযুক্ত
650 _aবাংলাদেশের সংস্কৃতি
_9120764
650 _aBangladeshi Culture
_9120765
942 _2ddc
_cBK
_01
999 _c39140
_d39140